| 000 | 00354nam a22001577a 4500 | ||
|---|---|---|---|
| 003 | SGT | ||
| 020 | _a9789332551831 | ||
| 082 | _a1580.3,GIB | ||
| 100 | _aGIBSON, ROBERT.L | ||
| 245 | _aINTRODUCTON TO COUNSELLING AND GUIDANCE | ||
| 250 | _a7TH | ||
| 260 |
_aINDIA _bPEARSON _c2015 |
||
| 300 | _a523 | ||
| 650 | _aPSYCHOLOGY | ||
| 942 |
_2ddc _cBK _030 |
||
| 999 |
_c20801 _d20801 |
||